| 000 | 01327nam a2200217Ia 4500 | ||
|---|---|---|---|
| 003 | Ost | ||
| 005 | 20260416102357.0 | ||
| 008 | 260416s9999||||xx |||||||||||||| ||und|| | ||
| 040 | _cfsecg | ||
| 041 | _aara | ||
| 082 | _a1.6404 | ||
| 100 |
_aقبايلي، عبد النور _eمؤلف |
||
| 245 | 0 |
_aمحاضرات في الإعلام الآلي 2 : _bتمارين و مسائل محلولة : مطبوعة موجهة لطلبة السنة الثانية جذع مشترك LMD / _cعبد النور قبايلي |
|
| 260 |
_aالجزائر _bجامعة الجزائر3: كلية العلوم الإقتصادية، العلوم التجارية وعلوم التسيير _c2021 |
||
| 300 |
_a135 ورقة _bايضاحات _c30 سم |
||
| 504 | _aمراجع ص.135 | ||
| 520 | _aمفهوم الخوارزميات و المتغيرات و التعليمات الأساسية البسيطة، التعليمات الأساسية في الخوارزميات التعليمات الشرطية و التعليمات التكرارية مع وجود مسائل محلولة في الخوارزميات | ||
| 653 | _aالاعلام الآلي | ||
| 710 |
_aجامعة الجزائر3: كلية العلوم الإقتصادية، العلوم التجارية وعلوم التسيير _eناشر علمي |
||
| 942 | _cHANDOUT | ||
| 999 |
_c41248 _d41248 |
||